000 01194nam a2200325 a 4500
001 36998
003 BD-RjUL
005 20211209052551.0
008 140930r19881986enka b 001 0 eng
020 _a0470206713 (Wiley : pbk.)
035 _a(BD-RjUL)37100
040 _aDLC
_cDLC
_dDLC
_dBD-RjUL
_beng
041 _aeng
082 0 0 _a631.45
_219
_bMOS 1986
100 1 _aMorgan, R. P. C.
_q(Royston Philip Charles),
_d1942-
_9113065
245 1 0 _aSoil erosion and conservation /
_cR.P.C. Morgan ; edited by D.A. Davidson.
260 _aEssex, England ;
_aNew York, NY :
_bLongman Scientific & Technical ;
_bWiley,
_cc1986 [reprint 1988].
300 _aix, 298 p. :
_bill. ;
_c25 cm.
500 _aCover title: Soil erosion & conservation.
500 _aRev. and enl. ed. of: Soil erosion. 1979.
504 _aIncludes bibliography: p. [256]-295. and index
650 0 _aSoil erosion.
_9113066
650 0 _aSoil conservation.
_9113067
700 1 _aDavidson, Donald A.
_945983
700 1 _aMorgan, R. P. C.
_q(Royston Philip Charles),
_d1942-
_tSoil erosion.
_9113068
740 0 _aSoil erosion & conservation.
942 _2ddc
_cBK
999 _c36998
_d36998